[Event "Lund CellaVision Cup"]
[Site "Lund"]
[Date "2019.08.02"]
[Round "1"]
[White "Carnstam, Tomas"]
[Black "Cramling, Pia"]
[Result "0-1"]
[WhiteElo "1947"]
[BlackElo "2493"]
[PlyCount "78"]
[EventDate "2019.08.02"]
[EventType "swiss"]
[EventRounds "8"]
[EventCountry "SWE"]
[SourceTitle "CBM 191 Extra"]
[Source "ChessBase"]
[SourceDate "2019.09.30"]
[SourceVersion "1"]
[SourceVersionDate "2019.09.30"]
[SourceQuality "1"]

1. c4 e6 2. Nc3 b6 3. Nf3 Bb7 4. e4 Bb4 5. Qc2 Ne7 6. d4 0-0 7. Bd3 f5 8. d5 Na6 9. a3 Bxc3+ 10. Qxc3 Nc5 11. exf5 exd5 12. Bg5 Qe8 13. f6 gxf6 14. Be3 Nxd3+ 15. Qxd3 Qg6 16. 0-0-0 Qxd3 17. Rxd3 d6 18. cxd5 Bxd5 19. Bh6 Rfe8 20. Bd2 Be4 21. Rd4 Nf5 22. Rc4 c5 23. Kd1 d5 24. Rc1 Kf7 25. Ne1 Nd4 26. Rc3 Bg6 27. f3 c4 28. h4 h5 29. b4 a5 30. Re3 axb4 31. Rxe8 Kxe8 32. Bxb4 Nc6 33. Nc2 Kd7 34. Kd2 Bxc2 35. Kxc2 Nxb4+ 36. axb4 Ra2+ 37. Kc3 Rxg2 38. Rd1 Kd6 39. Ra1 Rf2 0-1

[Event "Helsingor Xtracon op"]
[Site "Helsingor"]
[Date "2019.07.27"]
[Round "9"]
[White "Carnstam, Tomas"]
[Black "Eriksson, Jorgen"]
[Result "0-1"]
[WhiteElo "1967"]
[BlackElo "2211"]
[PlyCount "88"]
[EventDate "2019.07.20"]
[EventType "swiss"]
[EventRounds "10"]
[EventCountry "DEN"]
[SourceTitle "CBM 191 Extra"]
[Source "ChessBase"]
[SourceDate "2019.09.30"]
[SourceVersion "1"]
[SourceVersionDate "2019.09.30"]
[SourceQuality "1"]

1. b3 e5 2. Bb2 Nc6 3. e3 Nf6 4. Bb5 Bd6 5. Nh3 a6 6. Be2 Be7 7. f4 d6 8. Nf2 exf4 9. exf4 d5 10. Bf3 0-0 11. 0-0 Bc5 12. d4 Bb6 13. c3 Re8 14. Nd2 Ne7 15. g4 c5 16. dxc5 Bxc5 17. Kh1 Be3 18. Nd3 Nc6 19. Re1 Nxg4 20. Bxg4 Bxg4 21. Qxg4 Bxd2 22. Rg1 Qf6 23. c4 d4 24. Rad1 Be3 25. Rg3 Qg6 26. Rf1 Qxg4 27. Rxg4 f5 28. Rg5 g6 29. Nc5 Re7 30. h4 Kf7 31. h5 Ne5 32. fxe5 Bxg5 33. Bxd4 Rd8 34. e6+ Kg8 35. Bc3 Be3 36. Nd7 Rxe6 37. Nf6+ Rxf6 38. Bxf6 Rd2 39. Bc3 Rc2 40. Be5 Rxa2 41. Re1 f4 42. hxg6 hxg6 43. Rf1 g5 44. Bf6 g4 0-1

[Event "Helsingor Xtracon op"]
[Site "Helsingor"]
[Date "2019.07.25"]
[Round "7"]
[White "Carnstam, Tomas"]
[Black "Dew, Brian"]
[Result "1/2-1/2"]
[WhiteElo "1967"]
[BlackElo "2094"]
[PlyCount "143"]
[EventDate "2019.07.20"]
[EventType "swiss"]
[EventRounds "10"]
[EventCountry "DEN"]
[SourceTitle "CBM 191 Extra"]
[Source "ChessBase"]
[SourceDate "2019.09.30"]
[SourceVersion "1"]
[SourceVersionDate "2019.09.30"]
[SourceQuality "1"]

1. c4 e5 2. Nc3 Nf6 3. a3 c6 4. e4 Bc5 5. b4 Bb6 6. c5 Bc7 7. Bc4 d5 8. cxd6 Qxd6 9. Nge2 0-0 10. d4 exd4 11. Bf4 Qe7 12. Bxc7 Qxc7 13. Qxd4 Nbd7 14. f4 Nb6 15. Bb3 Bg4 16. 0-0 Rad8 17. Qe3 Rfe8 18. h3 Bxe2 19. Qxe2 Nbd5 20. Nxd5 Nxd5 21. Bxd5 cxd5 22. e5 Qb6+ 23. Qf2 d4 24. Rfd1 Rd5 25. Rac1 Red8 26. Rd3 h6 27. Rc4 a6 28. Kh2 Kh8 29. a4 Qa7 30. Rc7 R5d7 31. Qc2 Qb6 32. Rxd7 Rxd7 33. Qc8+ Rd8 34. Qc4 Rd7 35. a5 Qd8 36. g3 Kh7 37. Kg2 g6 38. Kf3 h5 39. h4 Rc7 40. Qxd4 Qc8 41. Kg2 Rc2+ 42. Rd2 Qc6+ 43. Kf2 Rc4 44. Qd7 Kg7 45. Qxc6 Rxc6 46. Rd7 b5 47. axb6 Rxb6 48. Rd4 Rb5 49. Ke3 a5 50. bxa5 Rxa5 51. Ke4 Ra3 52. Rd3 Ra5 53. Rb3 Kf8 54. Kf3 Ke7 55. g4 hxg4+ 56. Kxg4 Ra1 57. Rb7+ Ke6 58. Rb6+ Ke7 59. Kg5 Rg1+ 60. Kh6 Rg4 61. Rf6 Kf8 62. e6 Rxh4+ 63. Kg5 Rh5+ 64. Kg4 Rh7 65. exf7 Rxf7 66. Rxg6 Ra7 67. Rb6 Ra5 68. Rb7 Rc5 69. f5 Rc6 70. Kg5 Ra6 71. f6 Ra1 72. Rb8+ 1/2-1/2

[Event "Helsingor Xtracon op"]
[Site "Helsingor"]
[Date "2019.07.24"]
[Round "6"]
[White "Le Besq, Alexander"]
[Black "Carnstam, Tomas"]
[Result "1/2-1/2"]
[WhiteElo "2149"]
[BlackElo "1967"]
[PlyCount "62"]
[EventDate "2019.07.20"]
[EventType "swiss"]
[EventRounds "10"]
[EventCountry "DEN"]
[SourceTitle "CBM 191 Extra"]
[Source "ChessBase"]
[SourceDate "2019.09.30"]
[SourceVersion "1"]
[SourceVersionDate "2019.09.30"]
[SourceQuality "1"]

1. e4 g6 2. d4 Bg7 3. Nc3 d6 4. Be3 Nf6 5. f3 0-0 6. Qd2 d5 7. Be2 dxe4 8. fxe4 Ng4 9. Bxg4 Bxg4 10. h3 Bd7 11. 0-0-0 c6 12. Nf3 f6 13. g4 Be6 14. Kb1 Qa5 15. d5 cxd5 16. Nd4 Bf7 17. Nxd5 Qxd2 18. Nxe7+ Kh8 19. Rxd2 Re8 20. Nb5 Rxe7 21. Rd8+ Bg8 22. Bf4 Rd7 23. Rxb8 Rxb8 24. Bxb8 a6 25. Nc3 h5 26. gxh5 gxh5 27. Bf4 Be6 28. h4 f5 29. exf5 Bxf5 30. Bg5 Kh7 31. Rd1 Bxc3 1/2-1/2

[Event "Helsingor Xtracon op"]
[Site "Helsingor"]
[Date "2019.07.21"]
[Round "2"]
[White "Hinrichs, Lars"]
[Black "Carnstam, Tomas"]
[Result "1-0"]
[WhiteElo "2234"]
[BlackElo "1967"]
[PlyCount "129"]
[EventDate "2019.07.20"]
[EventType "swiss"]
[EventRounds "10"]
[EventCountry "DEN"]
[SourceTitle "CBM 191 Extra"]
[Source "ChessBase"]
[SourceDate "2019.09.30"]
[SourceVersion "1"]
[SourceVersionDate "2019.09.30"]
[SourceQuality "1"]

1. e4 c5 2. Nf3 Nc6 3. d4 cxd4 4. Nxd4 e5 5. Nb5 a6 6. Nd6+ Bxd6 7. Qxd6 Qf6 8. Qa3 Nge7 9. Nc3 Rb8 10. Be3 b5 11. Nd5 Nxd5 12. exd5 b4 13. Qb3 Nd4 14. Bxd4 exd4 15. Qf3 Qe5+ 16. Qe2 d6 17. f4 Qe3 18. Qxe3+ dxe3 19. Ke2 Rb5 20. Kxe3 Rxd5 21. Bd3 Kd8 22. Kf3 Re8 23. Rhe1 Rxe1 24. Rxe1 Ra5 25. Bc4 f6 26. Rd1 Bb7+ 27. Kf2 Kc7 28. g3 Rc5 29. Rd4 a5 30. Bd3 Bc6 31. h4 h6 32. Ke3 Bd5 33. b3 Bc6 34. Bc4 d5 35. Bd3 Kd6 36. f5 Bb5 37. Rg4 Bxd3 38. cxd3 Rc7 39. Kd4 Re7 40. Rg6 h5 41. g4 hxg4 42. h5 Rf7 43. Rxg4 Re7 44. Rg6 Rf7 45. h6 gxh6 46. Rxh6 Kc6 47. Rh8 Rg7 48. Rf8 Rg4+ 49. Ke3 Rg3+ 50. Kf4 Rxd3 51. Rxf6+ Kc5 52. Ra6 Kb5 53. Ra8 Rd1 54. f6 Kc5 55. Rxa5+ Kd4 56. Kf5 Kc3 57. Ke6 d4 58. f7 Re1+ 59. Re5 Rf1 60. Rf5 Rxf5 61. Kxf5 d3 62. f8Q d2 63. Qc5+ Kb2 64. Qd4+ Kc2 65. Ke4 1-0

[Event "Helsingor Xtracon op"]
[Site "Helsingor"]
[Date "2017.07.23"]
[Round "2"]
[White "Carnstam, Tomas"]
[Black "Jaksland, Tim"]
[Result "0-1"]
[WhiteElo "1977"]
[BlackElo "2227"]
[PlyCount "142"]
[EventDate "2017.07.22"]
[EventType "swiss"]
[EventRounds "10"]
[EventCountry "DEN"]
[SourceTitle "CBM 179 Extra"]
[Source "ChessBase"]
[SourceDate "2017.08.23"]
[SourceVersion "1"]
[SourceVersionDate "2017.08.23"]
[SourceQuality "1"]

1. c4 e5 2. Nc3 Nf6 3. a3 g6 4. Nf3 d6 5. d4 Nbd7 6. dxe5 dxe5 7. g3 Bg7 8. Bg2 0-0 9. 0-0 c6 10. e4 Qe7 11. Qc2 Ne8 12. Bg5 f6 13. Bd2 Nc7 14. Rad1 Re8 15. Be3 Nf8 16. c5 Be6 17. Rd6 Nd7 18. Rfd1 Qf7 19. R1d2 Bf8 20. R6d3 Nxc5 21. Bxc5 Bxc5 22. Nd1 Be7 23. Ne3 Red8 24. Rxd8+ Rxd8 25. Bf1 Kg7 26. Bc4 Bxc4 27. Nxc4 Rxd2 28. Ncxd2 Qe6 29. Qb3 Qxb3 30. Nxb3 b6 31. Kf1 Kf7 32. Ke2 Ke6 33. Kd3 Na6 34. Nfd2 Bd6 35. f3 Bc7 36. a4 Bd6 37. Kc4 Bb4 38. Nf1 Be1 39. g4 Bf2 40. h3 f5 41. Kd3 Kf6 42. Ke2 Bc5 43. Nc1 Bd4 44. Nd3 fxg4 45. fxg4 Ke6 46. Nd2 Nc7 47. b3 Bc3 48. Nf3 Kf6 49. h4 h5 50. g5+ Ke6 51. Kd1 c5 52. Kc2 Bd4 53. Kd2 Ne8 54. Nc1 Nd6 55. Kd3 a6 56. Ne2 Bf2 57. Nc3 b5 58. axb5 axb5 59. Ke2 b4 60. Nd1 Bd4 61. Kd3 Nb7 62. Nd2 Na5 63. Kc2 Nc6 64. Nf3 Kd6 65. Kd3 Na5 66. Nd2 Kc6 67. Kc2 Kb5 68. Kd3 Nxb3 69. Nxb3 c4+ 70. Kc2 cxb3+ 71. Kxb3 Kc5 0-1

[Event "Helsingor Xtracon op"]
[Site "Helsingor"]
[Date "2017.07.22"]
[Round "1"]
[White "Kvamme, Thomas Jordre"]
[Black "Carnstam, Tomas"]
[Result "0-1"]
[WhiteElo "1327"]
[BlackElo "1977"]
[PlyCount "77"]
[EventDate "2017.07.22"]
[EventType "swiss"]
[EventRounds "10"]
[EventCountry "DEN"]
[SourceTitle "CBM 179 Extra"]
[Source "ChessBase"]
[SourceDate "2017.08.23"]
[SourceVersion "1"]
[SourceVersionDate "2017.08.23"]
[SourceQuality "1"]

1. d4 d5 2. Nf3 c5 3. c3 e6 4. Bf4 Nc6 5. e3 Qb6 6. Qb3 c4 7. Qc2 Bd7 8. b3 cxb3 9. axb3 Rc8 10. Bd3 Nb4 11. Qd2 Nxd3+ 12. Qxd3 Qxb3 13. Rxa7 Qb6 14. Ra1 f6 15. Qd1 Ne7 16. 0-0 Ng6 17. Bg3 Be7 18. Qd2 Kf7 19. Rc1 Ra8 20. Rxa8 Rxa8 21. Qc2 Ba4 22. Qd3 Qb2 23. Qf1 Bb5 24. Qd1 Ra1 25. Nfd2 Bd3 26. f3 Ba3 27. Nb3 Rxb1 28. Rxb1 Qxb1 29. Qxb1 Bxb1 30. Na5 b6 31. Nb7 e5 32. f4 exf4 33. exf4 f5 34. Nd8+ Ke7 35. Nc6+ Kd7 36. Na7 Bd3 37. Kf2 Bd6 38. Ke3 Bc4 39. Kf3 0-1

[Event "Politiken Cup 37th"]
[Site "Helsingor"]
[Date "2015.07.27"]
[Round "4"]
[White "Carnstam, Tomas"]
[Black "Hoyer, Jacob"]
[Result "0-1"]
[WhiteElo "2034"]
[BlackElo "2202"]
[PlyCount "76"]
[EventDate "2015.07.25"]
[EventType "swiss"]
[EventRounds "10"]
[EventCountry "DEN"]
[SourceTitle "CBM 167 Extra"]
[Source "ChessBase"]
[SourceDate "2015.09.14"]
[SourceVersion "1"]
[SourceVersionDate "2015.09.14"]
[SourceQuality "1"]

1. c4 g6 2. Nc3 c5 3. e3 Nf6 4. d4 Bg7 5. g3 cxd4 6. exd4 d5 7. cxd5 Nxd5 8. Bg2 Nb6 9. Nge2 Nc6 10. d5 Ne5 11. f4 Ng4 12. h3 Nf6 13. Be3 0-0 14. Qb3 e6 15. Bxb6 axb6 16. d6 Qxd6 17. Nb5 Qe7 18. Rc1 e5 19. Nc7 Ra5 20. Qxb6 Rxa2 21. 0-0 exf4 22. Nc3 Nd7 23. N7d5 Qg5 24. Qb4 Ra8 25. gxf4 Qh4 26. Ne7+ Kh8 27. Ncd5 b5 28. Nxc8 Raxc8 29. Qxb5 Rxc1 30. Rxc1 Nf6 31. Nxf6 Qxf4 32. Qc5 Qxf6 33. b4 Qb2 34. Rd1 Re8 35. b5 h5 36. Bf1 Re5 37. Qc1 Qb3 38. Re1 Qg3+ 0-1

[Event "Politiken Cup 36th"]
[Site "Helsingor"]
[Date "2014.07.29"]
[Round "10"]
[White "Helin, Mikael"]
[Black "Carnstam, Tomas"]
[Result "1-0"]
[WhiteElo "1885"]
[BlackElo "2097"]
[PlyCount "67"]
[EventDate "2014.07.21"]
[EventType "swiss"]
[EventRounds "10"]
[EventCountry "DEN"]
[SourceTitle "CBM 161 Extra"]
[Source "ChessBase"]
[SourceDate "2014.08.29"]
[SourceVersion "1"]
[SourceVersionDate "2014.08.29"]
[SourceQuality "1"]

1. e4 c5 2. a3 g6 3. Nc3 Bg7 4. g3 Nc6 5. Bg2 e6 6. d3 Nge7 7. Be3 Nd4 8. Nce2 d5 9. Qd2 Nec6 10. Rb1 h6 11. f4 Nxe2 12. Nxe2 d4 13. Bf2 e5 14. b4 cxb4 15. axb4 a5 16. b5 Nb4 17. 0-0 exf4 18. gxf4 Bg4 19. Ng3 Rc8 20. Rb2 Bd7 21. e5 Bxb5 22. Ne4 Rc6 23. Rxb4 axb4 24. Qxb4 Ba6 25. Nf6+ Rxf6 26. exf6 Qxf6 27. Re1+ Kd8 28. Re4 Qf5 29. Bxd4 Bf8 30. Qb6+ Kd7 31. Be5 f6 32. Qc7+ Ke6 33. Re3 fxe5 34. Rxe5+ 1-0

[Event "Politiken Cup 36th"]
[Site "Helsingor"]
[Date "2014.07.24"]
[Round "5"]
[White "Carnstam, Tomas"]
[Black "Jorgensen, Alexander Torp"]
[Result "0-1"]
[WhiteElo "2097"]
[BlackElo "1762"]
[PlyCount "132"]
[EventDate "2014.07.21"]
[EventType "swiss"]
[EventRounds "10"]
[EventCountry "DEN"]
[SourceTitle "CBM 161 Extra"]
[Source "ChessBase"]
[SourceDate "2014.08.29"]
[SourceVersion "1"]
[SourceVersionDate "2014.08.29"]
[SourceQuality "1"]

1. c4 Nf6 2. Nc3 g6 3. e4 e5 4. Nf3 d6 5. d4 exd4 6. Nxd4 Bg7 7. Be2 0-0 8. 0-0 c6 9. Nb3 Re8 10. c5 Nxe4 11. Nxe4 Rxe4 12. Bf3 Re6 13. Bf4 d5 14. Nd4 Re8 15. Qd2 Na6 16. b4 Qf6 17. Rad1 Qxd4 18. Qxd4 Bxd4 19. Rxd4 Be6 20. Bd6 Nb8 21. a4 a6 22. g4 Nd7 23. Bd1 Nf6 24. f3 Red8 25. Be7 Nd7 26. Bxd8 Rxd8 27. f4 f5 28. Re1 Kf7 29. g5 a5 30. bxa5 Nxc5 31. Rb4 Ra8 32. Re3 Rxa5 33. Rc3 Bc8 34. Rh3 Kg7 35. Kf2 Ne4+ 36. Ke1 c5 37. Rb5 Rxb5 38. axb5 Bd7 39. b6 d4 40. Ra3 c4 41. Ba4 c3 42. Bc2 Bb5 43. Ra7 Nc5 44. Ra5 d3 45. Kd1 dxc2+ 46. Kxc2 Ne6 47. Kxc3 Bc6 48. Kd2 Nxf4 49. Rc5 Be4 50. Rc7+ Kg8 51. Rc8+ Kf7 52. Rc7+ Ke6 53. Rxh7 Nh5 54. Ke3 Kd6 55. Rc7 Bd5 56. h4 f4+ 57. Kf2 Bc6 58. Rc8 Kc5 59. Rg8 Be4 60. Re8 Bf5 61. Re5+ Kxb6 62. Rxf5 gxf5 63. Kf3 Kc5 64. g6 b5 65. g7 Nxg7 66. Kxf4 b4 0-1

[Event "Politiken Cup 33rd"]
[Site "Helsingor"]
[Date "2011.08.06"]
[Round "9"]
[White "Carnstam, Tomas"]
[Black "Hjornevik, Asbjorn"]
[Result "1-0"]
[WhiteElo "2062"]
[BlackElo "1835"]
[PlyCount "99"]
[EventDate "2011.07.30"]
[EventType "swiss"]
[EventRounds "10"]
[EventCountry "DEN"]
[SourceTitle "CBM 143 Extra"]
[Source "ChessBase"]
[SourceDate "2011.08.29"]
[SourceVersion "1"]
[SourceVersionDate "2011.08.29"]
[SourceQuality "1"]

1. c4 e5 2. Nc3 Nf6 3. a3 c6 4. d4 exd4 5. Qxd4 d5 6. Bg5 Be7 7. cxd5 cxd5 8. e3 Nc6 9. Qa4 a6 10. Nf3 0-0 11. Rd1 Be6 12. Qb3 Na5 13. Qc2 Rc8 14. Nd4 Qb6 15. Bd3 h6 16. Bxf6 Bxf6 17. 0-0 Nc4 18. Bxc4 dxc4 19. Nxe6 Qxe6 20. Rd2 Rfd8 21. Rfd1 Rxd2 22. Rxd2 Bxc3 23. Qxc3 b5 24. Kf1 Kf8 25. Qb4+ Ke8 26. Rd6 Qe4 27. Qd2 Qe7 28. Rxa6 Rd8 29. Qc2 Qb7 30. Ra5 Rd3 31. a4 Qc7 32. Rxb5 Qxh2 33. Ke2 Qxg2 34. Qxc4 Rd8 35. Re5+ Kf8 36. Qb4+ Kg8 37. Qe4 Qxe4 38. Rxe4 Rb8 39. b4 f5 40. Rd4 Kf7 41. a5 g5 42. Kd3 h5 43. Kc4 h4 44. Rd7+ Kg6 45. a6 h3 46. Rd1 h2 47. b5 Rc8+ 48. Kb4 Rd8 49. Rh1 Rh8 50. a7 1-0

[Event "SWE-ch Seniors"]
[Site "Vasteras"]
[Date "2011.07.22"]
[Round "7"]
[White "Wahlbom, Magnus"]
[Black "Carnstam, Tomas"]
[Result "1-0"]
[WhiteElo "2286"]
[BlackElo "2062"]
[PlyCount "55"]
[EventDate "2011.07.16"]
[EventType "swiss"]
[EventRounds "9"]
[EventCountry "SWE"]
[SourceTitle "CBM 143 Extra"]
[Source "ChessBase"]
[SourceDate "2011.08.29"]
[SourceVersion "1"]
[SourceVersionDate "2011.08.29"]
[SourceQuality "1"]

1. e4 c5 2. Nf3 Nc6 3. Nc3 e5 4. Bc4 Be7 5. 0-0 Nf6 6. Re1 0-0 7. Nd5 d6 8. c3 Nxd5 9. exd5 Nb8 10. d4 exd4 11. cxd4 Nd7 12. dxc5 Nxc5 13. Nd4 Bf6 14. Be3 a6 15. b4 Nd7 16. Bb3 Ne5 17. h3 a5 18. bxa5 Qxa5 19. Rc1 Bd7 20. Kh2 Rac8 21. Rb1 Qc3 22. Qe2 Nd3 23. Red1 Nc5 24. Bc2 g6 25. g3 Rfe8 26. Qd2 Na4 27. Rxb7 Nc5 28. Qxc3 1-0

[Event "Politiken Cup 32nd"]
[Site "Copenhagen"]
[Date "2010.08.08"]
[Round "10"]
[White "Dyrgaard, Kristoffer"]
[Black "Carnstam, Tomas"]
[Result "1/2-1/2"]
[WhiteElo "2254"]
[BlackElo "2004"]
[PlyCount "73"]
[EventDate "2010.07.31"]
[EventType "swiss"]
[EventRounds "10"]
[EventCountry "DEN"]
[SourceTitle "CBM 137 Extra"]
[Source "ChessBase"]
[SourceDate "2010.09.01"]
[SourceVersion "1"]
[SourceVersionDate "2010.09.01"]
[SourceQuality "1"]

1. e4 c5 2. Nf3 Nc6 3. d4 cxd4 4. Nxd4 e5 5. Nb5 a6 6. Nd6+ Bxd6 7. Qxd6 Qf6 8. Qxf6 Nxf6 9. Nc3 d5 10. exd5 Nb4 11. Bd3 Nxd3+ 12. cxd3 Bf5 13. 0-0 0-0-0 14. Bg5 Bxd3 15. Rfd1 Bf5 16. d6 Kb8 17. Nd5 Rxd6 18. Nxf6 Rxd1+ 19. Rxd1 gxf6 20. Bxf6 Re8 21. f3 e4 22. fxe4 Rxe4 23. Rd2 Re8 24. Kf2 Kc7 25. a3 Be4 26. g4 Re6 27. g5 h6 28. Bd8+ Kc6 29. gxh6 Rxh6 30. Ke3 Bd5 31. h4 f6 32. Rd4 Kd6 33. Rf4 Ke5 34. Bc7+ Ke6 35. Bd8 Bc6 36. Kd4 f5 37. Bg5 1/2-1/2